Daňová harmonizácia a jej vplyv na výšku daňového zaťaženia v SR a EÚ
Harmonizácia daní a jej vplyv na fungovanie jednotného vnútorného trhu. Negatíva daňovej harmonizácie. Spoločný konsolidovaný základ dane. Jednotlivé druhy daní podieľajúce sa na celkovom daňovom zaťažení. Efektívne daňové zaťaženie na základe súčasných pravidiel.
Saved in:
| Main Author: | |
|---|---|
| Other Authors: | |
| Format: | Book Chapter |
| Language: | Slovak |
| Subjects: | |
| Tags: |
No Tags, Be the first to tag this record!
|
MARC
| LEADER | 00000naa$a2200000$$$4500 | ||
|---|---|---|---|
| 001 | 0146372 | ||
| 005 | 20240604114322.1 | ||
| 041 | 0 | |a slo | |
| 044 | |a SK | ||
| 245 | 1 | 0 | |a Daňová harmonizácia a jej vplyv na výšku daňového zaťaženia v SR a EÚ |c Jana Simonidesová, Jana Czillingová |
| 520 | |a Harmonizácia daní a jej vplyv na fungovanie jednotného vnútorného trhu. Negatíva daňovej harmonizácie. Spoločný konsolidovaný základ dane. Jednotlivé druhy daní podieľajúce sa na celkovom daňovom zaťažení. Efektívne daňové zaťaženie na základe súčasných pravidiel. | ||
| 610 | 2 | 0 | |a Európska únia |
| 610 | 2 | 0 | |a dane |
| 610 | 2 | 0 | |a harmonizácia |
| 610 | 2 | 0 | |a trh vnútorný |
| 610 | 2 | 0 | |a základ dane |
| 610 | 2 | 0 | |a zaťaženie daňové |
| 610 | 2 | 0 | |a Slovensko |
| 100 | 1 | |a Simonidesová, Jana, 1968- | |
| 700 | 1 | |a Czillingová, Jana | |